00426nam a2200145Ia 4500001001000000008004100010010001100051082001900062100001700081245007900098260003100177300001100208650002700219700003400246Para_9631220125s2005 xx 000 0 und d a208305 aPA635.642 .B5y aBlancard, D. aEnfermedades del tomate :b observar, identificar, luchar /c D. Blancard aEspaña :b Mundi prensa a212 p. aTomate x enfermedades aPeña Iglesias, Antonio, tr.